000 00593nam a2200241Ia 4500
008 210210b2011 xxu||||| |||| 00| 0 eng d
020 _a9788131602652
041 _aeng
082 _a307.72 WILR
100 _aWILLIAM (Thomas A)
245 _aRural development: concept and recent approaches
260 _aJaipur
_bRawat Publications
_c2011
300 _axi,332
650 _aRural
650 _arecent
650 _adevelopment:
650 _aconcept
650 _aapproaches
650 _aand
690 _aRural Sociology
700 _aCHRISTOPHER (A J)
906 _a066738
999 _c149197
_d149197